|
|
|
|
| LEADER |
01843nam a22004217a 4500 |
| 001 |
35490 |
| 003 |
BD-DhAAL |
| 005 |
20211129125154.0 |
| 008 |
190911r20062006enka b 001 0 eng |
| 999 |
|
|
|c 41209
|d 41209
|
| 010 |
|
|
|a 2005905282
|
| 015 |
|
|
|a GBA559162
|2 bnb
|
| 016 |
7 |
|
|a 013250981
|2 Uk
|
| 020 |
|
|
|a 1412907578
|
| 020 |
|
|
|a 1412907586 (pbk.)
|
| 020 |
|
|
|a 9781412907583
|
| 035 |
|
|
|a (OCoLC)ocm60965483
|
| 040 |
|
|
|a UKM
|c UKM
|d BAKER
|d BWKUK
|d DLC
|d BD-DhAAL
|
| 042 |
|
|
|a lccopycat
|
| 050 |
0 |
0 |
|a QA135.6
|b .T44 2006
|
| 082 |
0 |
4 |
|a 372.7044
|2 22
|
| 100 |
|
|
|a Wright, Robert J.
|d 1948-
|9 34427
|
| 245 |
0 |
0 |
|a Teaching number in the classroom with 4-8 year olds /
|c Robert J. Wright ... [et al.].
|
| 260 |
|
|
|a London ;
|a Thousand Oaks, Calif. :
|b Paul Chapman Pub.,
|c 2006 [reprinted 2006 twice]
|
| 300 |
|
|
|a xix, 203 pages :
|b illustrations ;
|c 25 cm. +
|e 1 CD-ROM (4 3/4 in.)
|
| 504 |
|
|
|a Includes bibliographical references (p. [197]-199) and index.
|
| 526 |
|
|
|a BIED
|
| 541 |
|
|
|a Complimentary copy from BIED
|e 35490
|
| 650 |
|
0 |
|a Mathematics
|x Study and teaching (Elementary)
|x Education
|9 34428
|
| 650 |
|
0 |
|a Arithmetic
|x Study and teaching (Primary)
|9 34429
|
| 650 |
|
0 |
|a Numeration
|9 34430
|
| 700 |
1 |
|
|a Martland, Jim
|9 34431
|
| 700 |
1 |
|
|a Stafford, Ann K.
|9 34432
|
| 700 |
1 |
|
|a Stanger, Garry
|9 34433
|
| 852 |
|
|
|a Ayesha Abed Library
|c BIED Collection
|
| 942 |
|
|
|2 ddc
|c BK
|
| 952 |
|
|
|0 0
|1 0
|2 ddc
|4 0
|6 372_704400000000000_WRI
|7 0
|9 66242
|a BRACUL
|b BRACUL
|c GEN
|d 2019-09-11
|e Complimentary copy from BIED
|l 0
|o 372.7044 WRI
|p 3010035490
|r 2019-09-11
|t 1
|w 2019-09-11
|y BK
|x Transferred from BIED to General Stacks
|
| 952 |
|
|
|0 0
|1 0
|2 ddc
|4 0
|6 372_704400000000000_WRI
|7 0
|9 66243
|a BRACUL
|b BRACUL
|c GEN
|d 2019-09-11
|e Complimentary copy from BIED
|l 0
|o 372.7044 WRI
|p 4010035490
|r 2019-09-11
|t 1
|w 2019-09-11
|y AV
|x Transferred from BIED to General Stacks
|